000 00695nam a2200205 i 4500
001 bg
100 1 _aKLIPPEL, Friederike
245 0 _aIdeas [Intensive discussions a. Exciting Activities Sampler] : Übungsvorschlage und Arbeitsblätter für einen aktiven Englischunterricht.
_nTl. 1,
_pÜbungsvorschläge.
_nTl. 2
_pArbeitsblätter /
_cvon Ffiederike Klippel.
250 _a[3. Aufl.].
260 _aDortmund :
_bVerl. Lambert Lensing,
_c1987.
300 _a72, [50] s.
_brys.
_c30 cm.
504 _aBibliogr. s. 71-72.
020 _a3559226600
040 _cBPK
041 _apol
080 _a802.0
920 _a3-559-22660-0
942 _cKS
008 s pl f |000 0 pol
999 _c5690
_d5690
856 _uhttp://koha.tu.koszalin.pl/cgi-bin/koha/opac-detail.pl?biblionumber=5690
_yKatalog online BPK